| 000 | 00665nam a2200229 a 4500 | ||
|---|---|---|---|
| 005 | 20240925064819.0 | ||
| 008 | 991125s2002 bue 000 0 spa u | ||
| 020 | _a9507244174 | ||
| 035 | _aUPN01000132486 | ||
| 049 | _aCG | ||
| 050 | 4 |
_aHD30.28 _bA5.4 2002 |
|
| 100 | 1 |
_aAnder-Egg, Ezequiel, _d1930- _928724 |
|
| 245 | 1 | 0 |
_aIntroducción a la planificación / _cEzequiel Ander-Egg. |
| 250 | _a16a ed. | ||
| 260 |
_aBuenos Aires : _bLumen, _c2002. |
||
| 300 | _a206 p. | ||
| 440 | 0 | _aPolítica, servicios y trabajo social | |
| 650 | 4 | _aPLANIFICACION Y ESTADO | |
| 650 | 2 |
_aPolítica económica _91147 |
|
| 650 | 2 |
_aPolítica social _91450 |
|
| 905 | _aLibro | ||
| 999 |
_c104640 _d104640 |
||